00326pab a2200133 454500008004000000100002100040245004200061260000900103300001400112362001100126650002400137650001600161773001500177180718b2012 xxu||||| |||| 00| 0 eng d aVombatkere, S.G. aNational sovereignty and the military c2012 ap.5-6,32. a10 Mar aSovereignty - India aSovereignty aMainstream